<?xml version="1.0" encoding="UTF-8"?>
<marc:record xmlns:marc="http://www.loc.gov/MARC21/slim">
   <marc:leader>00000nam a2200000 a 4500</marc:leader>
   <marc:datafield ind1="1" ind2=" " tag="100">
      <marc:subfield code="a">Spitzer, Manfred</marc:subfield>
      <marc:subfield code="4">aut</marc:subfield>
      <marc:subfield code="e">Verfasser/-in</marc:subfield>
   </marc:datafield>
   <marc:datafield ind1=" " ind2=" " tag="653">
      <marc:subfield code="a">Computerspiel</marc:subfield>
   </marc:datafield>
   <marc:datafield ind1=" " ind2=" " tag="653">
      <marc:subfield code="a">Konzentration</marc:subfield>
   </marc:datafield>
   <marc:datafield ind1=" " ind2=" " tag="653">
      <marc:subfield code="a">Internet</marc:subfield>
   </marc:datafield>
   <marc:datafield ind1=" " ind2=" " tag="653">
      <marc:subfield code="a">Aggression</marc:subfield>
   </marc:datafield>
   <marc:datafield ind1="0" ind2="0" tag="245">
      <marc:subfield code="a">Vorsicht Bildschirm</marc:subfield>
   </marc:datafield>
   <marc:datafield ind1="0" ind2="0" tag="245">
      <marc:subfield code="b">Der Einfluss von Bildschirm-Medien auf die Entwicklung von Kindern und Jungendlichen. Original-Vortrag</marc:subfield>
   </marc:datafield>
   <marc:datafield ind1="0" ind2="0" tag="245">
      <marc:subfield code="c">Manfred Spitzer</marc:subfield>
   </marc:datafield>
   <marc:datafield ind1=" " ind2="1" tag="264">
      <marc:subfield code="a">Mühlheim</marc:subfield>
      <marc:subfield code="b">Auditorium Netzwerk</marc:subfield>
      <marc:subfield code="c">2006</marc:subfield>
   </marc:datafield>
   <marc:datafield ind1="1" ind2=" " tag="490">
      <marc:subfield code="a">Jokers edition</marc:subfield>
      <marc:subfield code="v">Original-Vortrag, März 2006</marc:subfield>
   </marc:datafield>
   <marc:datafield ind1="1" ind2=" " tag="520">
      <marc:subfield code="a">Welche Folgen sind bei Kindern zu beobachten, die von klein auf viel Zeit vor dem Fernseher verbringen?  Oder mit Video- und Computerspielen, mit Gameboy oder im Internet?#Neueste Forschungsergebnisse zeigen, dass sich die Gehirne dieser Kinder anders entwickeln: Sinne verkümmern, das Vermögen zu riechen, zu fühlen oder sich zu bewegen bleibt defizitär. Diese Kinder sind aggressiver und sie leiden unter Lese- und Konzentrationsschwächen. Das sind nur einige der negativen Auswirkungen, die Prof. Dr. Dr. Spitzer in seinem Vortrag eindringlich beschreibt. Doch Spitzer bleibt nicht bei der Analyse der Gefahrenpotentiale stehen; er gibt Eltern Impulse zum konkreten Handeln. "Ein eindringliches Plädoyer gegen den hohen Bildschirmkomsum von Kindern und Jugendlichen" (Annette Schavan).</marc:subfield>
   </marc:datafield>
   <marc:datafield ind1=" " ind2=" " tag="041">
      <marc:subfield code="a">ger</marc:subfield>
   </marc:datafield>
   <marc:datafield ind1=" " ind2=" " tag="300">
      <marc:subfield code="a">1 DVD</marc:subfield>
   </marc:datafield>
</marc:record>
